Missing Word: Movie Topography Quiz Stats

 Plays Quiz Updated Dec 4, 2014

Challenge
Share
Tweet
Embed
Score 0/18 Timer 03:00
1 Play Today
Title Feature % Correct
Brokeback _____Mountain
98.9%
_____'s ElevenOcean
96.7%
The Cabin in the _____Woods
96%
Notting _____Hill
95.5%
A _____ Runs Through ItRiver
93.9%
_____ of DreamsField
93.8%
Deep Blue _____Sea
92.1%
Shutter _____Island
90.5%
On Golden _____Pond
74.8%
Title Feature % Correct
Dante's _____Peak
69.4%
High _____ DrifterPlains
58.7%
The _____ HouseLake
56.8%
The Adventures of Priscilla, Queen of the _____Desert
54.7%
In the _____ of ElahValley
45.7%
On Moonlight _____Bay
37.6%
Cold _____ ManorCreek
33.5%
The Emerald _____Forest
25.4%
On the _____Beach
20.9%

Today's Daily Dose

You're not logged in!

Compare scores with friends on all Sporcle quizzes.
Join for Free
OR
Log In

You Might Also Like...

Show Comments

Extras

Top Quizzes Today


Score Distribution

Your Account Isn't Verified!

In order to create a playlist on Sporcle, you need to verify the email address you used during registration. Go to your Sporcle Settings to finish the process.

Report this User

Report this user for behavior that violates our Community Guidelines.

Details: